LEADER 05046nam 2200565 450 001 9910460152003321 005 20200520144314.0 010 $a1-118-78706-4 010 $a1-118-78708-0 035 $a(CKB)3710000000311504 035 $a(EBL)1887115 035 $a(MiAaPQ)EBC1887115 035 $a(Au-PeEL)EBL1887115 035 $a(CaPaEBR)ebr10995105 035 $a(CaONFJC)MIL678842 035 $a(OCoLC)898104318 035 $a(EXLCZ)993710000000311504 100 $a20141223h20152015 uy 0 101 0 $aeng 135 $aur|n|---||||| 181 $2rdacontent 182 $2rdamedia 183 $2rdacarrier 200 10$aChildren and media $ea global perspective /$fDafna Lemish 210 1$aChichester, West Sussex, [England] ;$aMalden, Massachusetts :$cWiley-Blackwell,$d2015. 210 4$dİ2015 215 $a1 online resource (297 p.) 300 $aDescription based upon print version of record. 311 $a1-322-47560-1 311 $a1-118-78677-7 320 $aIncludes bibliographical references and index. 327 $aTitle Page; Copyright Page; Brief Table of Contents; Contents; Preface; Companion Website; Introduction; Why Media (Now, More than Ever)?; Why Children (Only)?; Why Global? (But Is It?); About this Book; Notes; References; Chapter 1 Media and Children at Home; The Role of Context; Media Diffusion in the Family; The Role of Media in the Fabric of Family Life; The social uses of television; Parenting Styles and Mediation; Media-related conversations; Television as a talking book; Conversations with siblings and peers; Mediating fear reactions; Concluding Remarks; Notes; References 327 $aChapter 2 Media and Individual DevelopmentDevelopmental Theories; Attention to and Comprehension of Screen Content; Development of attention to audio-visual content; Relationship between attention to television and comprehension; Development of Viewing Preferences; Development of Fantasy-Reality Distinction; The development of genre distinction; The importance of distinguishing between screen fantasy and reality; The development of understanding of television characters; The development of moral judgment; Identification with Media Characters; Children's Fear Reactions 327 $aTelevision, Imagination, and CreativityA Conceptual and Methodological Reflection; Notes; References; Chapter 3 Media, Learning, and Literacy; Media and School - Two Educational Systems; Viewing Television and School Performance; The Audio-Visual Language and Cognitive Skills; The development of special viewing skills; Learning from Educational Television; New Media Learning and Literacy; Gaming and learning; Television and Language Acquisition; Acquisition of native language; Acquisition of second language; Concluding Remarks; Notes; References; Chapter 4 Media and Health-related Behaviors 327 $aMedia and Violent BehaviorsLearning violent behaviors; Cumulative effects of media violence; Intervening variables; Media, Sex, and Sexuality; Gender and social expectations; Pornography and teenage sexuality; Media and Advertising; Advertising for children; Social and emotional wellbeing, and advertising; Is advertising working?; Media, Alcohol, and Smoking; Media, Obesity, and Eating Disorders; Body image and eating disorders; Media and Pro-social Behavior; Concluding Remarks; Notes; References; Chapter 5 Media and Perceptions of Self and Society; Media and Gender 327 $aConstruction of gender rolesConstruction of gender identity; Gay identities; The Social Construction of Reality; Violence and the mean world hypothesis; Materialism; Perceptions of "us" in comparison to "others"; Cultural integration of immigrant children; The Construction of Political Reality; The construction of conflicts; Peacebuilding interventions; Edutainment genres; Americanization and Globalization; What is "America"?; Concluding Remarks; Notes; References; Chapter 6 Media, Sociality, and Participation; Social Networking; Comparing offline and online relationships 327 $aMarginalized identities 330 $aTaking a global and interdisciplinary approach, Children and Media explores the role of modern media, including the internet, television, mobile media and video games, in the development of children, adolescents, and childhood.

606 $aMass media and children 608 $aElectronic books. 615 0$aMass media and children. 676 $a302.23083 700 $aLemish$b Dafna$f1951-$0472067 801 0$bMiAaPQ 801 1$bMiAaPQ 801 2$bMiAaPQ 906 $aBOOK 912 $a9910460152003321 996 $aChildren and media$92172498 997 $aUNINA LEADER 03653nam 22007092 450 001 9910779340603321 005 20151005020622.0 010 $a1-139-85411-9 010 $a1-107-23596-0 010 $a1-139-84267-6 010 $a1-107-25454-X 010 $a1-139-84503-9 010 $a1-139-84029-0 010 $a1-139-14942-3 010 $a1-283-83606-8 010 $a1-139-84148-3 035 $a(CKB)2550000000708935 035 $a(EBL)1057522 035 $a(OCoLC)818658302 035 $a(SSID)ssj0000759138 035 $a(PQKBManifestationID)11445330 035 $a(PQKBTitleCode)TC0000759138 035 $a(PQKBWorkID)10782180 035 $a(PQKB)11136260 035 $a(UkCbUP)CR9781139149426 035 $a(MiAaPQ)EBC1057522 035 $a(Au-PeEL)EBL1057522 035 $a(CaPaEBR)ebr10628060 035 $a(CaONFJC)MIL414856 035 $a(EXLCZ)992550000000708935 100 $a20110822d2012|||| uy| 0 101 0 $aeng 135 $aur||||||||||| 181 $ctxt$2rdacontent 182 $cc$2rdamedia 183 $acr$2rdacarrier 200 10$aAlliance formation in civil wars /$fFotini Christia, Massachusetts Institute of Technology$b[electronic resource] 210 1$aCambridge :$cCambridge University Press,$d2012. 215 $a1 online resource (xvi, 343 pages) $cdigital, PDF file(s) 300 $aTitle from publisher's bibliographic system (viewed on 05 Oct 2015). 311 $a1-107-02302-5 311 $a1-107-68348-3 320 $aIncludes bibliographical references and index. 327 $aMachine generated contents note: Part I. Context and Theory: 1. Literature and research design; 2. A theory of warring group alliances and fractionalization in mult-party civil wars; Part II. Afghanistan: 3. The Afghan Intra-Mujahedin War, 1992-1998; 4. The Afghan Communist-Mujahedin War, 1978-1989; 5. The theory at the commander level in Afghanistan, 1978-1998; Part III. Bosnia and Herzegovina: 6. The Bosnian Civil War, 1992-1995; 7. The Bosnian Civil War, 1941-1945; Part IV. Further Extensions: 8. Quantitative testing on the universe of cases of multi-party civil wars. 330 $aSome of the most brutal and long-lasting civil wars of our time involve the rapid formation and disintegration of alliances among warring groups, as well as fractionalization within them. It would be natural to suppose that warring groups form alliances based on shared identity considerations - such as Christian groups allying with Christian groups - but this is not what we see. Two groups that identify themselves as bitter foes one day, on the basis of some identity narrative, might be allies the next day and vice versa. Nor is any group, however homogeneous, safe from internal fractionalization. Rather, looking closely at the civil wars in Afghanistan and Bosnia and testing against the broader universe of fifty-three cases of multiparty civil wars, Fotini Christia finds that the relative power distribution between and within various warring groups is the primary driving force behind alliance formation, alliance changes, group splits and internal group takeovers. 606 $aCivil war 606 $aAlliances 606 $aCivil war$vCase studies 606 $aAlliances$vCase studies 615 0$aCivil war. 615 0$aAlliances. 615 0$aCivil war 615 0$aAlliances 676 $a303.6/4 686 $aPOL011000$2bisacsh 700 $aChristia$b Fotini$01499788 801 0$bUkCbUP 801 1$bUkCbUP 906 $aBOOK 912 $a9910779340603321 996 $aAlliance formation in civil wars$93726160 997 $aUNINA